Nghiên cứu quy trình lên men trong sản xuất rượu vang dâu Hạ Châu : Báo cáo tổng kết đề tài khoa học và công nghệ cấp Trường

Nghiên cứu thực hiện trên cơ sở khảo sát ảnh hưởng của các tác nhân sinh học và các tác nhân hoá học nhằm mục đích nâng cao hiệu suất trích ly dịch quả, tăng cường quá trình sản xuất phẩm rượu vang từ trái dâu hạ châu...

Volledige beschrijving

Bewaard in:
Bibliografische gegevens
Hoofdauteur: Dương, Thị Thanh Xuân
Formaat: Boek
Taal:Undetermined
Gepubliceerd in: Cần Thơ Trường Đại học Cần Thơ 2012
Onderwerpen:
Tags: Voeg label toe
Geen labels, Wees de eerste die dit record labelt!
Thư viện lưu trữ: Trung tâm Học liệu Trường Đại học Cần Thơ
LEADER 01346nam a2200229Ia 4500
001 CTU_203354
008 210402s9999 xx 000 0 und d
082 |a 663.2 
082 |b X502 
088 |a TSV2012-11 
100 |a Dương, Thị Thanh Xuân 
245 0 |a Nghiên cứu quy trình lên men trong sản xuất rượu vang dâu Hạ Châu : 
245 0 |b Báo cáo tổng kết đề tài khoa học và công nghệ cấp Trường 
245 0 |c Dương Thị Thanh Xuân (Chủ nhiệm đề tài) ; Ngô Thị Phương Dung (cán bộ hướng dẫn) ; Nguyễn Lê Vân ... [et al.] (tham gia thực hiện) 
260 |a Cần Thơ 
260 |b Trường Đại học Cần Thơ 
260 |c 2012 
520 |a Nghiên cứu thực hiện trên cơ sở khảo sát ảnh hưởng của các tác nhân sinh học và các tác nhân hoá học nhằm mục đích nâng cao hiệu suất trích ly dịch quả, tăng cường quá trình sản xuất phẩm rượu vang từ trái dâu hạ châu 
650 |a Fruit wines,Rượu trái cây,Wine and wine making,Rượu và làm rượu 
904 |i Nguyên 
915 |a CS 
980 |a Trung tâm Học liệu Trường Đại học Cần Thơ